[Event "DVM U20 2019"]
[Site "Braunschweig"]
[Date "2019.12.27"]
[Round "1"]
[White "Engel, Luis"]
[Black "Melde, Benjamin"]
[Result "1-0"]
[WhiteElo "2531"]
[BlackElo "2120"]
[Annotator "TA"]
[PlyCount "61"]
[EventDate "2019.12.27"]
[EventType "team-tourn"]
[EventRounds "7"]
[EventCountry "GER"]
[SourceTitle "playchess.com"]
[Source "ChessBase"]
[SourceQuality "1"]
[WhiteTeam "Hamburger SK"]
[BlackTeam "SK Turm Kleve"]

{[%evp 12,61,75,19,23,0,30,-1,27,26,21,-8,0,0,8,0,0,-6,0,-5,84,-5,34,20,32,26,31,20,148,138,168,33,146,156,189,127,140,134,127,136,111,128,146,104,302,281,274,289,285,271,450,452]} 1. e4 c5 2. Nf3 d6 3. d4 Nf6 4. Nc3 cxd4 5. Nxd4 a6 6. Bg5 e5 7. Nb3 ({White should try} 7. Nf5 $16) 7... Be6 $11 {B94: Sicilian Najdorf: 6 Bg5 Nbd7} (7... Be7 8. Bxf6 Bxf6 9. Qd3 Be6 10. O-O-O Be7 11. Nd5 Bxd5 12. Qxd5 Qc7 13. Kb1 O-O 14. Na5 Nc6 15. Nc4 Rad8 {1-0 (50) Grischuk,A (2737)-Nepomniachtchi,I (2767) Doha 2016}) 8. Be3 h5 $146 (8... Be7 {looks sharper.} 9. Be2 Nbd7 10. O-O O-O 11. f4 exf4 12. Rxf4 Ne5) ({Predecessor:} 8... Nbd7 9. f3 b5 10. Qd2 Nb6 11. Rd1 Be7 12. Na5 Nc4 13. Nxc4 Bxc4 14. Bxc4 bxc4 {½-½ (66) Fernandez Arroyo,C (1590)-Gonzalez Cano,J (1950) Spain 2008}) 9. Nd5 {Hoping for Bb6.} Bxd5 {The position is equal.} (9... Nbd7 {is interesting.} 10. f3 Bxd5 11. exd5 g6 12. Qd2 Bg7) 10. exd5 Nbd7 11. Qd2 g6 12. Be2 Bg7 13. O-O O-O 14. Na5 Qc7 15. c4 e4 (15... Ng4 $11) 16. f4 (16. h3 $16) 16... Ng4 17. Bxg4 $1 hxg4 18. Rab1 Nc5 19. f5 Be5 (19... gxf5 $11 20. Rxf5 Nd3) 20. b4 Nd3 21. Bh6 (21. Qe2 $18) 21... Qb6+ (21... Rfe8 $14) 22. Kh1 $16 Qd4 23. Nb3 ({White should play} 23. Qe2 $18 {Threatens to win with Be3.} Bg7 24. Be3) 23... Qxc4 24. Bxf8 Rxf8 25. fxg6 fxg6 26. Rxf8+ Kxf8 27. Qh6+ {[%mdl 64] [#] Double Attack} Bg7 $2 (27... Ke7 $16) 28. Rf1+ Kg8 29. Qxg6 {[%mdl 64] Double Attack} Qxd5 30. Qxg4 {And now Nd2 would win.} Nxb4 $2 {[#]} (30... e3 31. Kg1 Nf2) 31. Rf5 {Accuracy: White = 57%, Black = 26%.} 1-0

[Event "DVM U20 2019"]
[Site "Braunschweig"]
[Date "2019.12.27"]
[Round "1"]
[White "Kololli, Martin"]
[Black "Roseneck, Jonas"]
[Result "0-1"]
[WhiteElo "2343"]
[BlackElo "2417"]
[Annotator "NA"]
[PlyCount "87"]
[EventDate "2019.12.27"]
[EventType "team-tourn"]
[EventRounds "7"]
[EventCountry "GER"]
[SourceTitle "playchess.com"]
[Source "ChessBase"]
[SourceQuality "1"]
[WhiteTeam "Lübecker SV"]
[BlackTeam "SG Aufbau Elbe Magdeburg"]
[TimeControl "40/5400+30:1800+30"]

{[%evp 17,87,0,10,32767,32767,32767,32767,23,13,32767,0,-26,0,-34,-41,-14,4,32767,32767,32767,32767,0,0,0,0,0,32767,0,0,-11,-5,-4,10,0,0,-118,-120,-113,-76,-72,-75,-56,-64,32767,32767,32767,32767,32767,32767,32767,32767,32767,32767,32767,32767,32767,32767,32767,32767,32767,32767,32767,32767,-114,-111,-120,-104,-172,-180,-196,-183,-206]} 1. e4 {[%emt 0:00:00]} c5 {[%emt 0:00:00]} 2. c3 {[%emt 0:00:00]} Nf6 {[%emt 0:00:00]} 3. e5 {[%emt 0:00:00]} Nd5 {[%emt 0:00:00]} 4. d4 {[%emt 0:00:00]} cxd4 {[%emt 0:00:00]} 5. Nf3 {[%emt 0:00:00]} Nc6 {[%emt 0:00:00]} 6. cxd4 {[%emt 0:00:06]} d6 {[%emt 0:00:48]} 7. Bc4 {[%emt 0:00:15]} e6 {[%emt 0:01:48]} 8. O-O {[%emt 0:00:39]} Be7 {[%emt 0:00:02] unterminated} 9. exd6 {[%emt 0:01:36] B22: Sicilian: 2 c3} (9. Qe2 O-O 10. a3 Bd7 11. exd6 Bxd6 12. Nc3 Nce7 13. Ne4 Bc6 14. Ne5 Rc8 15. Rd1 Bb8 16. Ng5 Be8 17. Bd3 Nf6 18. Ngf3 Ned5 19. Bd2 a6 20. Rac1 Rxc1 21. Rxc1 Qb6 22. Nc4 Qd8 23. Nce5 Qb6 24. Nc4 Qd8 {½-½ (24) Vachier Lagrave,M (2789)-Caruana,F (2816) Leuven 2018}) 9... Bxd6 {[%emt 0:00:21]} 10. Nc3 {[%emt 0:05:37]} O-O {[%emt 0:00:23]} 11. Re1 {[%emt 0:01:13]} h6 {[%emt 0:00:05] unterminated} 12. Bb3 {[%emt 0:02:57]} Nf6 {[%emt 0:01:17] unterminated} 13. a3 {[%emt 0:05:52] unterminated} b6 {[%emt 0:08:19] unterminated} 14. Qd3 {[%emt 0:10:46] unterminated} Bb7 {[%emt 0:09:51]} 15. Bc2 {[%emt 0:01:09] unterminated} Ne7 {[%emt 0:02:32] unterminated} 16. Ne5 $146 {[%emt 0:03:47] unterminated} ({Predecessor:} 16. Bd2 Rc8 17. Rad1 Nf5 18. Ne5 Re8 {1-0 (29) Meskovs,N (2372)-Gundavaa,B (2516) Kazan 2013}) 16... Bxe5 {[%emt 0:25:30]} 17. dxe5 {[%emt 0:01:56]} Qxd3 {[%emt 0:00:09]} 18. Bxd3 {[%emt 0:00:05]} Nd7 {[%emt 0:00:28] unterminated} 19. Bf4 {[%emt 0:05:28] unterminated} Nc5 {[%emt 0:10:06]} 20. Bc2 {[%emt 0:00:51] unterminated} Rad8 {[%emt 0:04:51]} 21. Rad1 {[%emt 0:01:06] unterminated} Ba6 {[%emt 0:00:29] unterminated} 22. Rxd8 {[%emt 0:06:55]} Rxd8 {[%emt 0:01:09]} 23. b4 {[%emt 0:00:53] unterminated} Nd3 {[%emt 0:07:56]} 24. Rd1 {[%emt 0:00:36] unterminated} Bc4 {[%emt 0:02:39]} 25. f3 {[%emt 0:03:02] unterminated} Kf8 {[%emt 0:06:18] unterminated} 26. Rd2 {[%emt 0:16:56]} (26. Ne4 $11 Rd5 27. Bxd3 Rxd3 28. Rxd3 Bxd3 29. Nd6) 26... Nd5 {[%emt 0:01:22] unterminated} 27. Ne2 {[%emt 0:03:01] unterminated} N3xb4 {[%emt 0:06:43] unterminated} ({Of course not} 27... N3xf4 $6 28. Nxf4 Ke7 29. Nh5 $11) 28. axb4 {[%emt 0:03:15]} Bxe2 $1 {[%emt 0:00:04]} 29. Bb3 {[%emt 0:03:15] unterminated} Bb5 {[%emt 0:01:55]} 30. Be3 {[%emt 0:04:52]} Ke7 {[%emt 0:00:25]} 31. Bxd5 {[%emt 0:00:24]} exd5 {[%emt 0:00:11]} 32. Rd4 {[%emt 0:02:47]} Bc4 {[%emt 0:03:24]} 33. Rg4 {[%emt 0:01:04]} Kf8 {[%emt 0:00:04]} 34. Bd4 {[%emt 0:01:01]} Re8 {[%emt 0:01:28]} 35. f4 {[%emt 0:00:24]} g6 {[%emt 0:02:42]} 36. Rh4 {[%emt 0:03:20]} h5 {[%emt 0:01:19]} 37. f5 {[%emt 0:01:31]} Bd3 {[%emt 0:00:59] unterminated} 38. fxg6 {[%emt 0:02:24] unterminated} Bxg6 {[%emt 0:02:15] unterminated} 39. Rh3 {[%emt 0:05:26] unterminated} Rc8 {[%emt 0:00:57] unterminated} 40. Ra3 {[%emt 0:01:33]} Rc4 {[%emt 0:00:29]} 41. Be3 {[%emt 0:31:08] unterminated} d4 {[%emt 0:07:28] unterminated} 42. Bh6+ {[%emt 0:00:00] unterminated} (42. Bg5 $17) 42... Ke7 {[%emt 0:00:21]} 43. Rxa7+ Ke6 {unterminated} 44. b5 $19 {[%emt 0:00:00] normal} 0-1

[Event "DVM U20 2019"]
[Site "Braunschweig"]
[Date "2019.12.27"]
[Round "1"]
[White "Sieber, Fiona"]
[Black "Poghosyan, Tigran"]
[Result "1-0"]
[WhiteElo "2277"]
[BlackElo "2109"]
[Annotator "TA"]
[PlyCount "45"]
[EventDate "2019.12.27"]
[EventType "team-tourn"]
[EventRounds "7"]
[EventCountry "GER"]
[SourceTitle "playchess.com"]
[Source "ChessBase"]
[SourceQuality "1"]
[WhiteTeam "SG Aufbau Elbe Magdeburg"]
[BlackTeam "Lübecker SV"]

{[%evp 11,45,35,43,17,31,21,23,30,22,30,24,24,33,20,19,12,33,35,58,63,52,58,57,59,70,27,73,55,52,45,145,145,135,136,145,127]} 1. e4 c5 2. Nf3 d6 3. d4 cxd4 4. Nxd4 Nf6 5. Nc3 Bd7 6. Bg5 e6 7. Ndb5 {B56: Classical Sicilian: Unusual Lines} Bxb5 8. Bxb5+ Nc6 9. e5 {Qf3 is the strong threat.White has an edge.} (9. Qf3 Be7 10. e5 Nd5 11. Bxc6+ bxc6 12. Bxe7 Qxe7 13. Qg3 dxe5 14. Qxg7 Qf6 15. Qxf6 Nxf6 16. O-O-O Rg8 17. g3 Rd8 18. Rhe1 Rg5 19. Rxd8+ Kxd8 {½-½ (58) Vitiugov,N (2732)-Yu,Y (2763) Khanty-Mansiysk 2019}) 9... dxe5 10. Bxc6+ bxc6 11. Qf3 e4 12. Nxe4 Qa5+ 13. Nc3 Qe5+ 14. Be3 Nd5 15. O-O-O $1 $36 {[%mdl 2048] [#] White has the initiative.} Bb4 $146 ({Predecessor:} 15... Be7 16. Bd4 Qg5+ {0-1 (56) Haznedaroglu,K (2370)-Jobava,B (2562) Ankara 2002}) 16. Nxd5 cxd5 17. Qg4 $1 {[%cal Rg4b4]} Bd6 18. Rhe1 {Strongly threatening Bg5.} h5 19. Qa4+ {[%mdl 64] [#] Double Attack} Ke7 20. Qh4+ Kd7 (20... Ke8 $1 $14) 21. Bg5 $16 {White is clearly better.} Qf5 22. Qa4+ Kc7 {[#]} 23. h4 $1 {Accuracy: White = 84%, Black = 51%.} 1-0

[Event "DVM U20 2019"]
[Site "Braunschweig"]
[Date "2019.12.27"]
[Round "1"]
[White "Schneider, Jana"]
[Black "Waffenschmidt, Lars"]
[Result "1-0"]
[WhiteElo "2210"]
[BlackElo "1885"]
[Annotator "TA"]
[PlyCount "41"]
[EventDate "2019.12.27"]
[EventType "team-tourn"]
[EventRounds "7"]
[EventCountry "GER"]
[SourceTitle "playchess.com"]
[Source "ChessBase"]
[SourceQuality "1"]
[WhiteTeam "SC Bavaria Regensburg"]
[BlackTeam "SK Bebenhausen"]

{[%evp 10,41,24,0,3,10,46,21,21,10,36,14,18,15,225,215,247,264,735,731,730,711,677,673,792,807,838,837,29989,29990,29990,29991,29991,29992]} 1. e4 e5 2. Nf3 Nc6 3. Bc4 Bc5 4. c3 Nf6 5. d3 O-O 6. Bg5 h6 {C54: Giuoco Piano: 4 c3 Nf6, main lines with 5 d4 and 5 d3} 7. Bh4 Re8 (7... Be7 8. Nbd2 d6 9. a4 Nh5 10. g3 Nf6 11. Bxf6 Bxf6 12. h4 Ne7 13. Nh2 d5 14. Bb3 {1-0 (47) Anand,V (2771)-Ragger,M (2686) Batumi 2018}) 8. Bb3 a6 {The position is equal.} 9. Nbd2 {[%cal Bb1d2,Bd2f1,Bf1h2,Bh2g4,Bg4h6,Bh6f5][%mdl 32]} d6 $146 ({Predecessor:} 9... g5 10. Bg3 d5 11. Qe2 Bg4 12. O-O-O d4 13. Kb1 Bh5 14. h3 {1-0 (62) Kroon,G (1437)-Schelleman,I (1732) Assen 2017}) 10. Nf1 g5 11. Bg3 Bg4 $2 (11... d5 $11 {and Black stays safe.}) 12. h4 $18 Nh5 {[#]} 13. N1h2 $1 {[%cal Rh2g4]} ({Not} 13. hxg5 hxg5 14. N1h2 Bd7 $14) 13... Nxg3 $2 (13... Be6) 14. Nxg4 Nxh1 15. Nxh6+ Kf8 16. Nxg5 {Qh5 is the strong threat.} Bxf2+ 17. Kd2 Bxh4 18. Nh7+ Kg7 19. Nf5+ {White mates.} Kg6 {[#]} 20. Bxf7+ $1 {[%mdl 576] Deflection, Decoy} Kxf7 21. Qh5+ {[%mdl 64] Double Attack} 1-0

[Event "DVM U20 2019"]
[Site "Braunschweig"]
[Date "2019.12.27"]
[Round "1"]
[White "Wendler, David"]
[Black "Goldbeck, Lars"]
[Result "1/2-1/2"]
[WhiteElo "2204"]
[BlackElo "2312"]
[Annotator "TA"]
[PlyCount "43"]
[EventDate "2019.12.27"]
[EventType "team-tourn"]
[EventRounds "7"]
[EventCountry "GER"]
[SourceTitle "playchess.com"]
[Source "ChessBase"]
[SourceQuality "1"]
[WhiteTeam "SK Bebenhausen"]
[BlackTeam "SC Bavaria Regensburg"]

{[%evp 12,43,6,6,6,6,4,4,22,4,13,6,1,0,6,-48,-43,-53,-53,-218,-56,-76,-80,-81,-69,-76,0,0,0,0,0,0,0,0]} 1. e4 c5 2. c3 e6 3. d4 d5 4. exd5 exd5 5. Be3 cxd4 6. Bxd4 Nc6 7. Nf3 Nf6 {B22: Sicilian: 2 c3} 8. Bxf6 Qxf6 9. Qxd5 Bd6 $146 ({Predecessor:} 9... Be7 10. Nbd2 Be6 11. Qb5 O-O-O 12. Bc4 Bd7 13. O-O Qf4 14. Rfe1 g5 15. Bd5 {½-½ (24) Van de Oudeweetering,A (2369)-Stellwagen,D (2509) Amsterdam 2004}) 10. Be2 Bf5 11. Nd4 Nxd4 12. Qxd4 Qe7 $132 {[%mdl 2048] Black is not holding back} 13. O-O (13. Qe3 $1 $11) 13... O-O-O $15 14. Qc4+ Kb8 {aiming for ...Rhe8.} 15. Re1 $2 {[#]} (15. Na3 $15) 15... Rhe8 $2 ({Black should try} 15... Bd3 $1 $19 {[%cal Rd3c4][%mdl 512]} 16. Qg4 (16. Qxd3 Bxh2+) 16... Rhe8) 16. Nd2 {[#]} Bxh2+ $1 {[%mdl 512]} 17. Kxh2 {Black must now prevent Nf3.} Rxd2 {[%mdl 64] Double Attack} 18. Bf3 {[#]} Qd6+ (18... Be6 $1 $17 {[%cal Re6c4]} 19. Qb5 a6) 19. Kg1 $11 {The position is equal.} Rxe1+ 20. Rxe1 {Re8+ would kill now.} Be6 $1 {[%cal Re6c4]} 21. Qb5 {[%csl Gf3][%cal Rb5b7]} Qb6 22. Qe8+ {Accuracy: White = 30%, Black = 61%.} 1/2-1/2

[Event "DVM U20 2019"]
[Site "Braunschweig"]
[Date "2019.12.27"]
[Round "1"]
[White "Knudsen, Simon"]
[Black "Doll, Alexander"]
[Result "*"]
[WhiteElo "2194"]
[BlackElo "2127"]
[Annotator "TA"]
[PlyCount "61"]
[EventDate "2019.12.27"]
[EventType "team-tourn"]
[EventRounds "7"]
[EventCountry "GER"]
[SourceTitle "playchess.com"]
[Source "ChessBase"]
[SourceQuality "1"]
[WhiteTeam "SF Brackel"]
[BlackTeam "OSG Baden-Baden"]

{[%evp 12,61,-3,-27,-30,-37,-13,-14,-12,-8,-14,-6,9,8,22,14,18,7,32,-2,28,20,20,2,14,2,19,11,52,61,70,46,80,-35,-30,-50,-39,-66,69,-19,-11,-58,-50,-59,-67,-66,-66,-52,-54,-166,-158,-150]} 1. e4 e5 2. Nf3 Nc6 3. Bc4 Bc5 4. b4 Bxb4 5. c3 Be7 6. d4 Na5 7. Be2 d6 {C51: Evans Gambit: Declined and Accepted without 5...Ba5} 8. O-O Nf6 9. dxe5 dxe5 {The position is equal.} 10. Qa4+ c6 11. Nxe5 b5 (11... Qc7 12. f4 b5 13. Qc2 Qb6+ 14. Kh1 O-O 15. Nd2 {1-0 (37) Li,C (2699)-Tang,A (2490) chess.com INT 2019}) 12. Qc2 Qc7 13. Nf3 O-O 14. Nbd2 Be6 15. Nd4 $146 ({Predecessor:} 15. Ne1 Bd7 16. f4 Qb6+ 17. Kh1 Bc5 18. Nb3 Bg4 19. Nf3 Rad8 20. e5 Nd5 21. Ng5 {0-1 (21) Bondareva,D (1707)-Garifullina,L (1942) Batumi 2016}) 15... Bg4 16. N2f3 a6 17. h3 Bxf3 18. Bxf3 Nc4 19. Be2 c5 20. Nf5 Nb6 21. Bg5 Kh8 22. Rfe1 (22. Bh4 $16) 22... Ng4 $1 $15 {[#] ( -> ...Qh2+)} 23. Bxg4 Bxg5 24. g3 h5 (24... g6 $15 25. Ne3 h5) 25. Bf3 (25. Bxh5 $14 g6 {[%mdl 64] Double Attack} 26. h4) 25... Rad8 26. h4 Bf6 $1 27. Ne3 Na4 28. Nd5 Rxd5 $1 {[%mdl 64] Remove Defender} 29. exd5 Bxc3 {[%mdl 64] Double Attack} 30. Qf5 {[#]} (30. Rac1 $15) 30... g6 $1 $19 {[%cal Rg6f5][%mdl 1024] Black has strong compensation.} 31. Qg5 {Accuracy: White = 25%, Black = 46%.} *

[Event "DVM U20 2019"]
[Site "Braunschweig"]
[Date "2019.12.27"]
[Round "1"]
[White "Röhr, Tobias"]
[Black "Dörp, Max Marian"]
[Result "1-0"]
[WhiteElo "2103"]
[BlackElo "1767"]
[Annotator "ChessBase"]
[PlyCount "71"]
[EventDate "2019.12.27"]
[EventType "team-tourn"]
[EventRounds "7"]
[EventCountry "GER"]
[SourceTitle "playchess.com"]
[Source "ChessBase"]
[SourceQuality "1"]
[WhiteTeam "SG Aufbau Elbe Magdeburg"]
[BlackTeam "Lübecker SV"]
[TimeControl "40/5400+30:1800+30"]

1. d4 {[%emt 0:00:00]} d5 {[%emt 0:00:00]} 2. c4 {[%emt 0:00:00]} c6 {[%emt 0:00:00]} 3. Nf3 {[%emt 0:02:24]} Nf6 {[%emt 0:00:00]} 4. Nc3 {[%emt 0:00:36]} e6 {[%emt 0:00:24]} 5. Bg5 {[%emt 0:01:48]} h6 {[%emt 0:00:36]} 6. Bxf6 {[%emt 0:02:28]} Qxf6 {[%emt 0:00:44]} 7. e3 {[%emt 0:06:49]} Bd6 {[%emt 0:02:29]} 8. Bd3 {[%emt 0:05:05]} Nd7 {[%emt 0:04:28]} 9. O-O {[%emt 0:01:09]} Qe7 {[%emt 0:10:41]} 10. cxd5 {[%emt 0:05:13]} cxd5 {[%emt 0:09:50]} 11. e4 {[%emt 0:05:28]} dxe4 {[%emt 0:03:58]} 12. Nxe4 {[%emt 0:02:24]} O-O {[%emt 0:02:30]} 13. Re1 {[%emt 0:02:14]} Bb4 {[%emt 0:04:02]} 14. Re2 {[%emt 0:02:34]} Nf6 {[%emt 0:01:03]} 15. a3 {[%emt 0:04:04]} Ba5 {[%emt 0:02:53]} 16. Nxf6+ {[%emt 0:08:44]} Qxf6 {[%emt 0:00:24]} 17. Bc2 {[%emt 0:01:25]} Rd8 {[%emt 0:02:37]} 18. Qd3 {[%emt 0:00:50]} g6 {[%emt 0:01:37]} 19. Re4 {[%emt 0:11:53]} Bd7 {[%emt 0:03:52]} 20. Qe3 {[%emt 0:01:32]} Rac8 {[%emt 0:11:40]} 21. Bd3 {[%emt 0:02:19]} Bc6 {[%emt 0:04:58]} 22. Rf4 {[%emt 0:00:59]} Qg7 {[%emt 0:00:32]} 23. Ne5 {[%emt 0:02:23]} Be8 {[%emt 0:02:07]} 24. h4 {[%emt 0:12:46]} Bb6 {[%emt 0:08:01]} 25. Rd1 {[%emt 0:03:09]} Bc7 {[%emt 0:08:53]} 26. Rf3 {[%emt 0:04:29]} Bxe5 {[%emt 0:05:14]} 27. dxe5 {[%emt 0:00:07]} Bb5 {[%emt 0:02:57]} 28. Bc2 {[%emt 0:00:44]} Rxd1+ {[%emt 0:01:53]} 29. Bxd1 {[%emt 0:00:04]} Rd8 {[%emt 0:03:06]} 30. Bc2 {[%emt 0:00:16]} Bc6 {[%emt 0:02:02]} 31. Rf6 {[%emt 0:00:12]} h5 {[%emt 0:00:56]} 32. Qg5 {[%emt 0:00:31]} Kf8 {[%emt 0:01:01]} 33. Bxg6 {[%emt 0:03:46]} Be8 {[%emt 0:00:28]} 34. Qxh5 {[%emt 0:02:24]} Ke7 {[%emt 0:00:13]} 35. Qg5 {[%emt 0:01:21]} Kd7 {[%emt 0:00:45]} 36. Bxf7 {[%emt 0:02:08] normal} 1-0

[Event "DVM U20 2019"]
[Site "Braunschweig"]
[Date "2019.12.27"]
[Round "1"]
[White "Kartsev, Nikolay"]
[Black "Wu, Leon"]
[Result "1/2-1/2"]
[WhiteElo "2092"]
[BlackElo "2019"]
[Annotator "NA RC"]
[PlyCount "40"]
[EventDate "2019.12.27"]
[EventType "team-tourn"]
[EventRounds "7"]
[EventCountry "GER"]
[SourceTitle "playchess.com"]
[Source "ChessBase"]
[SourceQuality "1"]
[WhiteTeam "SF Brackel"]
[BlackTeam "OSG Baden-Baden"]
[TimeControl "40/5400+30:1800+30"]

1. e4 {[%emt 0:00:00]} e5 {[%emt 0:00:00]} 2. Nf3 {[%emt 0:00:51]} Nc6 {[%emt 0:00:21]} 3. Bb5 {[%emt 0:00:17]} a6 {[%emt 0:00:05]} 4. Ba4 {[%emt 0:00:03]} Nf6 {[%emt 0:00:27]} 5. d3 {[%emt 0:00:08]} b5 {[%emt 0:00:27]} 6. Bb3 {[%emt 0:00:06]} Bc5 {[%emt 0:00:08]} 7. c3 {[%emt 0:01:04]} d6 {[%emt 0:00:33] unterminated} 8. O-O {[%emt 0:01:00]} h6 {[%emt 0:00:56] unterminated} 9. d4 {[%emt 0:09:53] unterminated} Bb6 {[%emt 0:04:39] unterminated} 10. dxe5 {[%emt 0:04:29]} Nxe5 {[%emt 0:01:05] unterminated} 11. Nxe5 {[%emt 0:04:57]} dxe5 {[%emt 0:00:10] unterminated} 12. Qxd8+ {[%emt 0:09:16]} Kxd8 {[%emt 0:00:07]} 13. Nd2 {[%emt 0:02:19]} Be6 {[%emt 0:15:02]} 14. Bxe6 {[%emt 0:04:41]} fxe6 {[%emt 0:00:12]} 15. Nf3 {[%emt 0:03:37]} Nd7 {[%emt 0:02:02]} 16. Be3 {[%emt 0:07:20]} Bxe3 {[%emt 0:01:48]} 17. fxe3 {[%emt 0:00:50]} g5 {[%emt 0:00:31]} 18. Rad1 {[%emt 0:07:03]} Ke7 {[%emt 0:01:42]} 19. Rf2 {[%emt 0:05:20] normal} Rhg8 {[%emt 0:01:58] normal} 20. Rfd2 $11 {[%emt 0:05:11]} Rad8 {[%emt 0:02:59] normal} 1/2-1/2

[Event "DVM U20 2019"]
[Site "Braunschweig"]
[Date "2019.12.27"]
[Round "1"]
[White "Engel, Robert"]
[Black "Verfürth, Kevin"]
[Result "1/2-1/2"]
[WhiteElo "2075"]
[BlackElo "2038"]
[Annotator "NA RC"]
[PlyCount "65"]
[EventDate "2019.12.27"]
[EventType "team-tourn"]
[EventRounds "7"]
[EventCountry "GER"]
[SourceTitle "playchess.com"]
[Source "ChessBase"]
[SourceQuality "1"]
[WhiteTeam "Hamburger SK"]
[BlackTeam "SK Turm Kleve"]
[TimeControl "40/5400+30:1800+30"]

1. e4 c5 2. Nf3 d6 {[%emt 0:00:00]} 3. d4 {[%emt 0:00:00]} cxd4 {[%emt 0:00:00]} 4. Nxd4 {[%emt 0:00:00]} Nf6 {[%emt 0:00:10]} 5. f3 {[%emt 0:00:00]} g6 {[%emt 0:00:39]} 6. c4 {[%emt 0:00:00]} Bg7 {[%emt 0:00:04]} 7. Nc3 {[%emt 0:00:05]} Nc6 {[%emt 0:00:24]} 8. Be3 {[%emt 0:00:20]} O-O {[%emt 0:00:31]} 9. Qd2 {[%emt 0:00:05]} Nxd4 {[%emt 0:01:13]} 10. Bxd4 {[%emt 0:00:06]} Nd7 {[%emt 0:01:43]} 11. Be3 {[%emt 0:02:55]} Ne5 {[%emt 0:15:32]} 12. Rc1 {[%emt 0:08:23]} Be6 {[%emt 0:06:03]} 13. b3 {[%emt 0:00:32]} Qd7 {[%emt 0:14:17]} 14. Be2 {[%emt 0:02:23]} f5 {[%emt 0:17:10]} 15. O-O {[%emt 0:06:41]} fxe4 {[%emt 0:04:18]} 16. Nxe4 {[%emt 0:00:41]} Bf5 {[%emt 0:01:10]} 17. Nc3 {[%emt 0:05:31]} b6 {[%emt 0:05:59]} 18. Nb5 {[%emt 0:05:04]} Rac8 {[%emt 0:04:55]} 19. a4 {[%emt 0:02:13]} Nc6 {[%emt 0:02:08]} 20. Bd3 {[%emt 0:05:24]} Bxd3 {[%emt 0:02:30]} 21. Qxd3 {[%emt 0:00:06]} Qf5 22. Rfd1 {[%emt 0:09:32]} Qxd3 {[%emt 0:04:24]} 23. Rxd3 {[%emt 0:00:06]} Be5 {[%emt 0:00:43]} 24. Nd4 {[%emt 0:17:26]} Nxd4 {[%emt 0:01:29]} 25. Bxd4 {[%emt 0:00:05]} Bxd4+ {[%emt 0:00:05]} 26. Rxd4 {[%emt 0:00:05]} Rf5 {[%emt 0:04:08]} 27. Re1 {[%emt 0:00:49]} Kf7 {[%emt 0:00:29]} 28. Kf2 {[%emt 0:03:57]} Rc7 {[%emt 0:04:12]} 29. g4 {[%emt 0:00:40]} Rf6 {[%emt 0:00:38]} 30. Kg3 {[%emt 0:07:03]} e5 {[%emt 0:02:44]} 31. Rd5 {[%emt 0:02:15]} Rc5 {[%emt 0:00:24]} 32. Red1 {[%emt 0:07:13]} Rxd5 {[%emt 0:00:51]} 33. Rxd5 {[%emt 0:00:53] normal} 1/2-1/2

[Event "DVM U20 2019"]
[Site "Braunschweig"]
[Date "2019.12.27"]
[Round "1"]
[White "Wu, Luka"]
[Black "Flüchter, Gregor"]
[Result "*"]
[WhiteElo "2073"]
[BlackElo "2174"]
[Annotator "TA"]
[PlyCount "56"]
[EventDate "2019.12.27"]
[EventType "team-tourn"]
[EventRounds "7"]
[EventCountry "GER"]
[SourceTitle "playchess.com"]
[Source "ChessBase"]
[SourceQuality "1"]
[WhiteTeam "OSG Baden-Baden"]
[BlackTeam "SF Brackel"]

{[%evp 25,56,2,6,1,17,-2,-7,0,0,-6,-6,-22,-12,-12,-14,-14,-7,-30,-8,-11,-12,-12,0,0,0,0,0,0,32,0,32,29,65]} 1. e4 c5 2. Nf3 Nc6 3. d4 cxd4 4. Nxd4 e5 5. Nb5 d6 6. N1c3 a6 7. Na3 b5 8. Nd5 Nf6 9. Bg5 Be7 10. Bxf6 Bxf6 11. c3 O-O 12. Be2 Bg5 13. O-O Ne7 14. Nc2 {B33: Sicilian: Pelikan and Sveshnikov Variations} Bb7 15. Nxe7+ Qxe7 16. Bf3 {[#]The position is equal.} (16. Qd3 d5 17. exd5 Rad8 18. c4 bxc4 19. Qa3 Qc7 20. Rfd1 Bxd5 21. Qxa6 Ra8 {1-0 (72) Tukhaev,A (2527)-Carlsen,M (2835) St Petersburg 2018}) 16... d5 $1 {[%mdl 512]} 17. exd5 e4 18. Be2 Rfd8 $146 ({Predecessor:} 18... Rad8 19. Ne3 f5 20. b3 f4 21. Nc2 Rxd5 22. Qe1 f3 23. gxf3 Bf4 24. Ne3 Qh4 25. Ng4 Rg5 26. fxe4 Qxh2# {0-1 (26) Vontina,M (621)-Pavlicek,M (1831) LSS email 2012}) 19. c4 bxc4 20. Bxc4 Qc5 21. Qe2 Bxd5 22. Bxd5 Qxd5 23. Rfd1 Qb5 24. Qxe4 Qxb2 25. Nb4 Bf6 26. Rab1 {[#] Black must now prevent Rxd8+.} Qa3 27. Re1 Qa4 28. Nd5 Qd4 {Accuracy: White = 64%, Black = 38%.} *